| 000 | 00529nam a2200145 i 4500 | ||
|---|---|---|---|
| 001 | 185254 | ||
| 003 | ES-MaACL | ||
| 005 | 20230906222400.0 | ||
| 008 | 160427s1878 ae |||| | fre d | ||
| 110 | 2 |
_aChambre de Commerce et d'Industrie (Alger) _9159451 |
|
| 245 | 1 | 0 |
_aExposé des travaux de la Chambre de commerce d' Alger : _bexercices 1876 et 1877. |
| 260 |
_aAlger : _b[s.n.], _c1878 ( _fTyp. Bouyer) |
||
| 300 |
_a143 p. ; _c22 cm. |
||
| 852 |
_aES-MaACL _jT-433-F-14 _z.- Enc. en un vol. facticio falto de la cub. original |
||
| 999 |
_c185254 _d185254 |
||